Evaluación del Programa Escuelas de Calidad PEC 2001-2003. Evaluación externa. Primer borrador.

Salvato in:
Dettagli Bibliografici
Autore principale: Bracho, Teresa coord, (autor)
Altri autori: Báez, Blanca (autor) (autor), Mendieta, Giulianna (autor) (autor), Reyes, Dania (autor) (autor)
Natura: Libro
Lingua:spagnolo
Soggetti:
Accesso online:Ver documento en línea
Tags: Aggiungi Tag
Nessun Tag, puoi essere il primo ad aggiungerne!!

MARC

LEADER 00000cam^a2200000uu^4500
001 000512656
005 20260414000000.0
008 041901s2003^^^^^^^^^^^^rd^r^^000^0^spa^d
009 20260414074317.889
035 |a FCE 000056866 
035 |a FCE 037216 
037 |a Acervo ITESO - Biblioteca 
041 |a spa 
095 |a 13 
100 |a Bracho, Teresa,  |e coord  |e (autor) 
245 1 0 |a Evaluación del Programa Escuelas de Calidad PEC 2001-2003.  |b Evaluación externa. Primer borrador. 
264 |a México :  |b CIDE,  |c 2003. 
300 |a 271 p. 
336 |a texto  |b txt  |2 rdacontenido 
337 |a sin mediación  |b n  |2 rdamedio 
338 |a volumen  |b nc  |2 rdasoporte 
596 |a Archivo en formato PDF. 
596 |a Forma de Acceso: Internet vía la World Wide Web. 
596 |a Requerimientos del sistema. Internet connectivity, World Wide Web browser. 
649 |a XX 
650 |a PEC 
650 |a Programa de educación 
650 |a Escuelas de educación básica 
650 |a Calidad de la educación 
650 |a Evaluación de la educación 
650 |a México 
700 |a Báez, Blanca  |e (autor) 
700 |a Mendieta, Giulianna  |e (autor) 
700 |a Reyes, Dania  |e (autor) 
856 4 0 |u https://basica.sep.gob.mx/pec/pdf/evaluaciones/informe2003.pdf  |y Ver documento en línea 
910 |a Fondo Centro de Estudios Educativos 
920 |a Impresos - Libros 
930 |a Fondos Especiales 
905 |a 133 
902 |a https://opac.biblio.iteso.mx/vufind/Record/000512656